Southville International School and Colleges
Your cart is empty.
  • Cart
  • Lists
    Public lists Eva Luna New books Lux_list list_1
    Your lists Log in to create your own lists
  • Log in to your account
  • Your cookies
  • Search history
Southville International School and Colleges
  • Advanced search
  • Recent comments
  • Most popular
  • Libraries

Log in to your account

Log in with GOOGLE


If you do not have an external account, but do have a local account, you can still log in:

  1. Home
  2. MARC view: Immunology and microbiology /
Normal view MARC view ISBD view

Immunology and microbiology / (Record no. 22157)

[ view plain ]
MARC details
000 -LEADER
fixed length control field 00563nam a2200217 a 4500
005 - DATE AND TIME OF LATEST TRANSACTION
control field 20140310183353.0
008 - FIXED-LENGTH DATA ELEMENTS--GENERAL INFORMATION
fixed length control field 121206s19uu xx 00 eng d
020 ## - INTERNATIONAL STANDARD BOOK NUMBER
International Standard Book Number 9789381421390
050 ## - LIBRARY OF CONGRESS CALL NUMBER
Classification number QR 46
Item number .Si617 2012
100 ## - MAIN ENTRY--PERSONAL NAME
Personal name Singh, Sujay
245 ## - TITLE STATEMENT
Title Immunology and microbiology /
Statement of responsibility, etc Sujay Singh.
250 ## - EDITION STATEMENT
Edition statement 1st ed.
260 ## - PUBLICATION, DISTRIBUTION, ETC. (IMPRINT)
Place of publication, distribution, etc New Delhi, India :
Name of publisher, distributor, etc Random Pub,
Date of publication, distribution, etc 2012.
300 ## - PHYSICAL DESCRIPTION
Extent 272 p. :
Dimensions 23 cm.
500 ## - GENERAL NOTE
General note Includes index
521 ## - TARGET AUDIENCE NOTE
Target audience note
650 ## - SUBJECT ADDED ENTRY--TOPICAL TERM
Topical term or geographic name as entry element Microbiology
650 ## - SUBJECT ADDED ENTRY--TOPICAL TERM
Topical term or geographic name as entry element Immunology
942 ## - ADDED ENTRY ELEMENTS (KOHA)
Koha item type Books
Source of classification or shelving scheme Library of Congress Classification
Call number prefix Foreign
Holdings
Withdrawn status Lost status Source of classification or shelving scheme Damaged status Home library Current library Shelving location Date acquired Total Checkouts Full call number Barcode Date last seen Copy number Price effective from Koha item type
    Library of Congress Classification   College Library College Library Reserve Section 12/06/2012   QR 46 .Si617 2012 C15779 05/15/2018 1 10/10/2013 Books

Immunology and microbiology /

APA

Singh S., . (2012). Immunology and microbiology. New Delhi, India: Random Pub.

Chicago

Singh Sujay, . 2012. Immunology and microbiology. New Delhi, India: Random Pub.

Harvard

Singh S., . (2012). Immunology and microbiology. New Delhi, India: Random Pub.

MLA

Singh Sujay, . Immunology and microbiology. New Delhi, India: Random Pub. 2012.

  • Place hold
  • Print
  • Cite
  • Add to your cart (remove)
  • Save record
    BIBTEX Dublin Core MARCXML MARC (non-Unicode/MARC-8) MARC (Unicode/UTF-8) MARC (Unicode/UTF-8, Standard) MODS (XML) RIS
  • More searches
    Search for this title in:
    Other Libraries (WorldCat) Other Databases (Google Scholar) Online Stores (Bookfinder.com) Open Library (openlibrary.org)

Exporting to Dublin Core...

SOUTHVILLE LIBRARY

Southville International School and Colleges Library

1281 Tropical Ave. Cor. Luxembourg St., BF Homes International, Las Pinas City

Tel. No. 8256374 / 252358 Loc. 117/146

Powered by Koha